Statistics for Famous Norwegian People

Click here to take the quiz!

General Stats

  • This quiz has been taken 36 times
    (29 since last reset)
  • The average score is 8 of 15

Answer Stats

HintAnswer% Correct
Comedy duo known for "The Fox"Ylvis
92%
Painted "The Scream"Edvard Munch
79%
#1 Chess player in the worldMagnus Carlsen
79%
Known for his tropical songs and remixesKygo
75%
Lead singer in "A-ha"Morten Harket
71%
Know for his hit "Faded"Alan Walker
58%
"The king of biathlon"Ole Einar Bjørndalen
54%
Composed "In The Hall of The Mountain KingEdvard Grieg
50%
Adventurer sailing on Kon-TikiThor Heyerdahl
46%
Singers behind "Am I Wrong"Nico and Vinz
46%
Former figure skaterSonia Henie
42%
Female snowboarderSilje Norendal
29%
Female singer featured on Shawn Mendes' "Air"Astrid S
25%
Child jazz singer and winner of Norway's got Talent in 2014Angelina Jordan
13%
Musical.ly starSondre Rodriguez
4%

Score Distribution

Percentile by Number Answered

Percent of People with Each Score

Your Score History

You have not taken this quiz since the last reset